Online Catalogue and eLibrary

Samaja viddyawa saha manawa vddyawa : (Record no. 988)

MARC details
000 -LEADER
fixed length control field 00427nam a2200157Ia 4500
005 - DATE AND TIME OF LATEST TRANSACTION
control field 20250519010227.0
008 - FIXED-LENGTH DATA ELEMENTS--GENERAL INFORMATION
fixed length control field 240331s9999 xx 000 0 und d
082 ## - DDC Classification
Class No. 300.3
Item Number - Author Mark SAM
100 ## - MAIN ENTRY--PERSONAL NAME
Personal name Deparment of Education
245 #0 - TITLE STATEMENT
Title Samaja viddyawa saha manawa vddyawa :
Remainder of title glossary of technical terms
260 ## - PUBLICATION, DISTRIBUTION, ETC.
Place of publication, distribution, etc. Colombo
Name of publisher, distributor, etc. Education Press
Date of publication, distribution, etc. 1993
300 ## - PHYSICAL DESCRIPTION
Extent (e.g. Volumes, Pages etc.) 154 p .,
650 ## - SUBJECT ADDED ENTRY--TOPICAL TERM
Topical term or geographic name entry element Sociology
650 ## - SUBJECT ADDED ENTRY--TOPICAL TERM
Topical term or geographic name entry element Anthropology
942 ## - Koha item type (Biblio)
Koha item type Books in Stacks (Lending)
Holdings
Lost status Damaged status Collection code Home library Current library Shelving location Date acquired Full call number Accession Number Item type
    Lending WERC Library WERC Library Social Science Cupboard 03/31/2024 300.3 SAM 2840 Books in Stacks (Lending)

© WERC Library